00736nam a2200217 i 450000100060000000300090000600500170001500700030003200800410003510000290007624500800010525000150018526000380020030000220023849000250026070000320028583000300031785200320034799900170037995201220039664820ES-MaACL20250829112153.0t|040105s1973 sp ||||1| spa d1 aFoulquié, Paul.95194513aLa voluntad / cpor Paul Foulquié ; [traducción de Francisco Lloveras]. a[1ª ed.]. aBarcelona : bOikos-Tau, c[1973] a122 p. ; c18 cm.1 a¿Qué sé? ; v921 aLloveras, Francisco.9729380 a¿Qué sé?v929181382 aES-MaACLjC-52600 bR.85508 c64820d64820 00104070aATENEOMbATENEOMcDEPO2d2008-01-17eSCl0oC-52600p1067916r2023-02-23 00:00:00w2023-02-23yMONOGRAFIA